Welcome to the Holygrace Academy Library

Please use search bar below to get started

THE CAT CAT JOKE BOOK (Record no. 5637)

MARC details
000 -LEADER
fixed length control field 00341nam a22001457a 4500
020 ## - INTERNATIONAL STANDARD BOOK NUMBER
ISBN 978-1-862-30792-6
082 ## - DEWEY DECIMAL CLASSIFICATION NUMBER
Classification number 823
Item number ABB/F
100 ## - MAIN ENTRY--AUTHOR NAME
Personal name ABBOTT, SUSAN
245 ## - TITLE STATEMENT
Title THE CAT CAT JOKE BOOK
260 ## - PUBLICATION, DISTRIBUTION, ETC. (IMPRINT)
Place of publication LONDON
Name of publisher RANDOM HOUSE CHILDREN;S BOOKS
Year of publication 1993
300 ## - PHYSICAL DESCRIPTION
Number of Pages 125
520 ## - SUMMARY, ETC.
Summary, etc ENGLISH STORY
650 ## - SUBJECT ADDED ENTRY--TOPICAL TERM
Topical Term ENGLISH STORY
942 ## - ADDED ENTRY ELEMENTS (KOHA)
Koha item type Books
Holdings
Withdrawn status Lost status Collection code Home library Current library Shelving location Date acquired Source of acquisition Full call number Accession Number Koha item type
    Fiction Main Library Main Library SHELF 15-I-CHILDREN'S STORYBOOKS 22/03/2014 Purchase 823 ABB/F 08143 Books